| 000 | 00833nam a2200265Ia 4500 | ||
|---|---|---|---|
| 003 | OSt | ||
| 005 | 20220930072624.0 | ||
| 006 | a|||||r|||| 00| 0 | ||
| 007 | ta | ||
| 008 | 220926b |||||||| |||| 00| 0 eng d | ||
| 024 | _a24665 | ||
| 037 | _cTheses | ||
| 040 |
_aCRL _cCRL _beng |
||
| 041 |
_2eng _aeng |
||
| 100 |
_aNodiyal Sunil _9530156 |
||
| 110 | _aUniversity of Delhi. Faculty of Medical Sciences. Department of Psychiatry | ||
| 245 | 0 | _aStudy of the T-Lymphocytes subpopulation in patients with schizophrenia | |
| 260 | _c1997 | ||
| 300 |
_a97p. _ap. _ccm. |
||
| 650 | _aPSYCHIATRY | ||
| 700 |
_a Dr U Goswami Supervisor _9530157 |
||
| 700 | _aUniversity of Delhi. Faculty of Medical Sciences. Department of Psychiatry | ||
| 942 |
_cDIS _2CC |
||
| 999 |
_c864122 _d864122 |
||